| 000 | 00483nam a2200169Ia 4500 | ||
|---|---|---|---|
| 005 | 20250508151844.0 | ||
| 008 | 008 250505s9999 xx 000 0 eng d | ||
| 037 | _aTextual | ||
| 040 |
_aFEDL _beng _cFEDL |
||
| 041 |
_aeng _2eng |
||
| 084 |
_a591.5, OSM _qFEDL |
||
| 100 |
_aOsmond Edward _9760163 |
||
| 245 | 0 | _aAnimals of the world : Book 1 | |
| 260 |
_aBungay, United Kingdom _bRichard Clay & Co. Ltd |
||
| 942 |
_cTEXL _h591.5, OSM |
||
| 999 |
_c1332535 _d1332535 |
||